1578 1515 1823 1795 1308 1329 1328 1208 1892 1552 1575 1656 1482 1113 1763 1580 1154 1417 1987 1058 1371 1690 1704 1151 1623 1160 1149 1945 1192 1333 1614 1295 1008 1746 1925 1289 1192 1995 1876 1491 1849 1698 1468 1630 1701 1616 1877 1083 1623 1879 1635 1843 1146 1724 1983 1521 1867 1830 1861 1996 1423 1877 1522 1183 1790 1693 1230 1252 1373 1398 1190 1187 1138 1392 1477 1561 2000 1198 1397 1667 1445 1612 1897 1051 1840 1626 1369 1086 1831 1507 1867 1206 1505 1388 1788 1089 1416 1908 1565 BCNSPRNW ULIB Ver.6.0+V

เปลี่ยนเป็นภาษาไทย

Change to English
 แสดงรายละเอียดบรรณานุกรม
  กลับหน้าหลัก

Brief Record : Get Marc (ISO 2709) : E-mail record : QR code < ปิดหน้าต่าง
LEADER : 00000nam 2200000uu 4500
001    13399109867
003     ULIB
008    110418s2543||||th 000 0 tha d
020    9743338888
060 04 WC750^bว648ด 2543
100 0  วิภา ปริญานุภาพ
245 10 การพยาบาลผู้ป่วยเด็ก :^bโรคมาลาเรียและอุจจาระร่วงจากเชื้อปรสิต /^cวิภา ปริญานุภาพ
250    พิมพ์ครั้งที่ 1
260    กรุงเทพฯ :^bคณะเวชศาสตร์เขตร้อน มหาวิทยาลัยมหิดล,^c2543
300    ก-ข, 151 หน้า :^bภาพประกอบสี ;^c21 ซม.
650  2 Pediatric Nursing
650  2 Malaria^xnursing
650  2 Diarrhea^xin infancy & childhood^xnursing
650  7 มาลาเรีย^xการพยาบาล
650  7 การพยาบาลกุมารเวชศาสตร์
650  7 ท้องร่วงในเด็ก^xการพยาบาล
710 2  มหาวิทยาลัยมหิดล. ^bคณะเวชศาสตร์เขตร้อน
945    ^p135^l0^i014119
945    ^p135^l0^i014118
945    ^p135^l0^i014117
945    ^p135^l0^i014116
945    ^p135^l0^i014114
945    ^p135^l0^i014115
995    ทศพร
999 ^a ใช้งานได้ทุกระบบ
รายการนี้ยังไม่มีแท็ก
คุณยังไม่ได้ล็อกอิน คุณสามารถมีกิจกรรมร่วมกับเว็บไซต์ได้ แต่ต้องล็อกอินก่อน ::
  ล็อกอิน

รายการสื่อสารสนเทศ

ลำดับที่ ประเภท เลขเรียก/บาร์โค้ด สถานที่ สถานะ
- ไม่พบข้อมูล -

รายการใกล้เคียง
    ผู้แต่ง [วิภา ปริญานุภาพ]

    หัวเรื่อง [Pediatric Nursing]
    หัวเรื่อง [การพยาบาลกุมารเวชศาสตร์]

BibComment


ยังไม่เคยถูกคอมเมนท์

คอมเมนท์ทรัพยากรรายการนี้
  คอมเมนท์: การพยาบาลผู้ป่วยเ..


 Copyright 2026. Bcnsprnw @Library